[Event "Villa Tehuelches op 5th"]
[Site "Villa Tehuelches"]
[Date "2019.07.13"]
[Round "6"]
[White "Fuentes Godoy, Lilia Ivonne"]
[Black "Campeon, Matias"]
[Result "1/2-1/2"]
[WhiteElo "2098"]
[BlackElo "2020"]
[PlyCount "106"]
[EventDate "2019.07.11"]
[EventType "swiss"]
[EventRounds "7"]
[EventCountry "CHI"]
[SourceTitle "CBM 191 Extra"]
[Source "ChessBase"]
[SourceDate "2019.09.30"]
[SourceVersion "1"]
[SourceVersionDate "2019.09.30"]
[SourceQuality "1"]

1. d4 f5 2. c4 Nf6 3. g3 g6 4. Bg2 Bg7 5. Nf3 0-0 6. b3 c5 7. Bb2 Ne4 8. 0-0 Nc6 9. e3 d6 10. Qc1 e5 11. d5 Ne7 12. Nfd2 Nxd2 13. Nxd2 g5 14. f4 Ng6 15. Nf3 gxf4 16. gxf4 e4 17. Nd2 Bxb2 18. Qxb2 Qf6 19. Qxf6 Rxf6 20. Rf2 Bd7 21. Nf1 Kf7 22. Ng3 Nh4 23. Kf1 Rg8 24. Rb1 Rfg6 25. Rbb2 a5 26. a4 Kf6 27. Nh5+ Ke7 28. Ng3 R6g7 29. Ra2 Be8 30. Bh3 Kf6 31. Bg2 Bf7 32. Rab2 h5 33. Rbc2 Nxg2 34. Rxg2 h4 35. Nh1 Bh5 36. Rxg7 Rxg7 37. Nf2 Bf3 38. Nh3 Bd1 39. Rb2 Bg4 40. Ng5 h3 41. Kf2 Rg8 42. Kg3 Rg7 43. Rb1 Rg8 44. Kf2 Bf3 45. Rg1 Bg4 46. Rg3 Rg7 47. Ke1 Rg8 48. Kd2 Rg7 49. Kc3 Rg6 50. Kd2 Rg7 51. Kc2 Rg6 52. Kc3 Rg7 53. Rg1 Rg6 1/2-1/2

[Event "Villa Tehuelches op 5th"]
[Site "Villa Tehuelches"]
[Date "2019.07.11"]
[Round "2"]
[White "Acosta, Pablo Ismael"]
[Black "Campeon, Matias"]
[Result "1-0"]
[WhiteElo "2430"]
[BlackElo "2020"]
[PlyCount "95"]
[EventDate "2019.07.11"]
[EventType "swiss"]
[EventRounds "7"]
[EventCountry "CHI"]
[SourceTitle "CBM 191 Extra"]
[Source "ChessBase"]
[SourceDate "2019.09.30"]
[SourceVersion "1"]
[SourceVersionDate "2019.09.30"]
[SourceQuality "1"]

1. d4 f5 2. g3 Nf6 3. Bg2 g6 4. c4 Bg7 5. Nh3 d6 6. 0-0 0-0 7. d5 c5 8. Nf4 Na6 9. Nc3 Nc7 10. Re1 Rb8 11. Qd3 Ng4 12. Nb5 a6 13. Nxc7 Qxc7 14. a4 b5 15. axb5 axb5 16. cxb5 c4 17. Qc2 Rxb5 18. h3 Ne5 19. Ra2 Ra5 20. Rxa5 Qxa5 21. Bd2 Qa6 22. Bc3 Bd7 23. Qd2 Qa7 24. Ne6 Bxe6 25. dxe6 Bf6 26. Kf1 g5 27. Qd5 f4 28. g4 Bg7 29. Be4 h6 30. Bd4 Qa6 31. Kg2 Rc8 32. f3 Qa4 33. Qb7 Re8 34. Bc3 Bf6 35. Rb1 Qb3 36. Qa6 Rb8 37. Ra1 Qb6 38. Qa4 Qb5 39. Qd1 Qb3 40. Qd2 Re8 41. Qd5 Rc8 42. Bb1 Qb6 43. Ra8 Qd8 44. Bxe5 Bxe5 45. Qe4 Bg7 46. Qh7+ Kf8 47. Bg6 Rxa8 48. Bf7 1-0

[Event "Rio Gallegos op"]
[Site "Rio Gallegos"]
[Date "2019.06.15"]
[Round "2.1"]
[White "Fernandez, Leandro Daniel"]
[Black "Campeon, Matias"]
[Result "0-1"]
[WhiteElo "1646"]
[BlackElo "2020"]
[PlyCount "54"]
[EventDate "2019.06.09"]
[EventType "swiss"]
[EventRounds "6"]
[EventCountry "ARG"]
[SourceTitle "EXT 2024"]
[Source "ChessBase"]
[SourceDate "2023.10.10"]
[SourceVersion "1"]
[SourceVersionDate "2023.10.10"]
[SourceQuality "1"]

1. Nf3 d6 2. d3 e5 3. c4 Nf6 4. Nc3 c6 5. Bg5 Be7 6. h3 0-0 7. e4 Nbd7 8. Be2 Nc5 9. b4 Ne6 10. Be3 d5 11. cxd5 cxd5 12. exd5 Bxb4 13. Bd2 Nxd5 14. Qb3 Bxc3 15. Bxc3 Nxc3 16. Qxc3 Nf4 17. g3 Nd5 18. Qxe5 Re8 19. Qb2 Qa5+ 20. Kf1 Nc3 21. Bd1 Bf5 22. Bc2 Re2 23. Nd4 Qd5 24. Qxc3 Rxc2 25. Nxc2 Qxh1+ 26. Ke2 Qxh3 27. Qc7 Rc8 0-1

[Event "ARG-ch sf 93rd"]
[Site "Buenos Aires"]
[Date "2018.05.25"]
[Round "7"]
[White "Campeon, Matias"]
[Black "Lopez Rebert, Pablo"]
[Result "1-0"]
[WhiteElo "2037"]
[BlackElo "1865"]
[PlyCount "93"]
[EventDate "2018.05.19"]
[EventType "swiss"]
[EventRounds "9"]
[EventCountry "ARG"]
[SourceTitle "CBM 184 Extra"]
[Source "ChessBase"]
[SourceDate "2018.06.28"]
[SourceVersion "1"]
[SourceVersionDate "2018.06.28"]
[SourceQuality "1"]

1. f4 e5 2. fxe5 Nc6 3. Nf3 g5 4. h3 f5 5. d4 g4 6. hxg4 fxg4 7. Nh4 Nh6 8. e4 d5 9. Bxh6 Bxh6 10. Nc3 dxe4 11. Bb5 0-0 12. Bxc6 bxc6 13. Nxe4 Bg5 14. Nxg5 Qxg5 15. Qd2 Qxd2+ 16. Kxd2 Rf2+ 17. Ke3 Rxc2 18. Rac1 Rxc1 19. Rxc1 Bd7 20. d5 Rd8 21. e6 Be8 22. Nf5 Bg6 23. Ne7+ Kf8 24. Nxg6+ hxg6 25. Rxc6 Rxd5 26. Ke4 Rd2 27. Rxc7 Rxg2 28. Rb7 g3 29. Kf3 Rg1 30. Rxa7 g5 31. b3 Ke8 32. Rg7 Ra1 33. Kxg3 Rxa2 34. Rxg5 Ke7 35. Re5 Ra6 36. Kf4 Rxe6 37. Rxe6+ Kxe6 38. Ke4 Kd6 39. Kd4 Kc6 40. Kc4 Kb6 41. Kb4 Kc6 42. Ka5 Kb7 43. Kb5 Kc8 44. Kc6 Kb8 45. Kb6 Kc8 46. b4 Kb8 47. b5 1-0

[Event "Pan American-ch U2300"]
[Site "Carilo Village"]
[Date "2016.10.26"]
[Round "3"]
[White "Campeon, Matias"]
[Black "Grosso, Juan Jose"]
[Result "0-1"]
[WhiteElo "2007"]
[BlackElo "2222"]
[PlyCount "57"]
[EventDate "2016.10.25"]
[EventType "swiss"]
[EventRounds "9"]
[EventCountry "ARG"]
[SourceTitle "EXT 2022"]
[Source "ChessBase"]
[SourceDate "2021.10.06"]
[SourceVersion "1"]
[SourceVersionDate "2021.10.06"]
[SourceQuality "1"]

1. f4 d5 2. Nf3 g6 3. g3 Bg7 4. Bg2 Nf6 5. 0-0 0-0 6. d3 c5 7. Nc3 d4 8. Na4 Qa5 9. c4 Bd7 10. b3 Bc6 11. Bd2 Qc7 12. b4 cxb4 13. Bxb4 Ng4 14. Bd2 Nd7 15. Rb1 Rad8 16. h3 Ne3 17. Bxe3 dxe3 18. d4 e5 19. fxe5 Nxe5 20. Nxe5 Bxe5 21. d5 Bxg3 22. Nb2 Bf2+ 23. Kh1 Bd7 24. Nd3 Bf5 25. Nxf2 exf2 26. Rc1 Qf4 27. Qb3 Rfe8 28. Qf3 Qh6 29. Rxf2 0-1

[Event "ARG-ch sf 90th"]
[Site "Buenos Aires"]
[Date "2015.08.22"]
[Round "3"]
[White "Campeon, Matias"]
[Black "Cuberli, Emiliano"]
[Result "1-0"]
[WhiteElo "1999"]
[BlackElo "2203"]
[PlyCount "101"]
[EventDate "2015.08.20"]
[EventType "swiss"]
[EventRounds "9"]
[EventCountry "ARG"]
[SourceTitle "EXT 2016"]
[Source "ChessBase"]
[SourceDate "2015.10.08"]
[SourceVersion "1"]
[SourceVersionDate "2015.10.08"]
[SourceQuality "1"]

1. f4 Nf6 2. Nf3 d6 3. g3 Nc6 4. Bg2 g6 5. 0-0 Bg7 6. d3 e5 7. Nc3 0-0 8. e4 exf4 9. Bxf4 Nh5 10. Bg5 f6 11. Be3 f5 12. Bg5 Bf6 13. Qd2 Bxg5 14. Nxg5 h6 15. Nh3 Kh7 16. Nd5 Ne5 17. exf5 Bxf5 18. Nhf4 Nxf4 19. Rxf4 c6 20. Ne3 Bd7 21. Raf1 Rxf4 22. Rxf4 Qe7 23. Qf2 Kg7 24. d4 Nf7 25. Re4 Qf6 26. Rf4 Qe7 27. Qe1 Re8 28. Re4 Qf6 29. Rxe8 Bxe8 30. Qf2 Qd8 31. c3 Bd7 32. Be4 Ng5 33. Bg2 Bh3 34. Qe2 Qg8 35. Bxh3 Nxh3+ 36. Kg2 Ng5 37. h4 Ne4 38. Qg4 Nf6 39. Qf4 Qe6 40. a3 Nh5 41. Qf3 Qb3 42. Qe2 Nf6 43. Nc4 Ng8 44. Kh3 Qb5 45. Qe6 h5 46. a4 Qa6 47. b4 d5 48. b5 cxb5 49. Nd6 Qc6 50. Qf7+ Kh8 51. Ne8 1-0